Statistics for Top Cherry Producing Countries

Click here to take the quiz!

General Stats

  • This quiz has been taken 135 times
  • The average score is 15 of 20

Answer Stats

HintTonnesAnswer% Correct
2447,740United States
98%
2037,577China
95%
11107,000Spain
93%
10122,396Italy
92%
1823,731Turkey
89%
4278,600Russia
84%
1391,200Greece
80%
1490,837Romania
80%
1560,125Germany
79%
3303,340Ukraine
79%
6246,975Iran
77%
1660,100Bulgaria
75%
1294,791Hungary
75%
9147,176Serbia
74%
5260,589Poland
69%
1941,490Belarus
66%
1754,200Syria
56%
8156,070Chile
48%
7228,700Uzbekistan
36%
1849,915Azerbaijan
33%

Score Distribution

Percentile by Number Answered

Percent of People with Each Score

Your Score History

You have not taken this quiz